000 00883nam a22002895a 4500
005 20161117132950.0
008 161101s2014 nyua frb 001 0 eng d
020 _a9781107657632
020 _a978110703869
040 _aEG-ScBUE
_beng
_cEG-ScBUE
_dEG-ScBUE
082 0 4 _a330.015195
_bHSI
_222
100 1 _aHsiao, Cheng.
245 1 0 _aAnalysis of panel data /
_cCheng Hsiao.
250 _a3rd ed.
260 _aNew York :
_bCambridge University Press,
_c2014.
300 _axxi, 538 p. :
_bill. ;
_c24 cm.
490 0 _aEconometric society monographs
500 _aIndex : p. 507-538.
504 _aBibliography : p. 475-505.
590 _aSuzan Ashmawy ; revised by Fouad.
650 7 _aPanel analysis.
_2BUEsh
_94326
650 7 _aEconometrics.
_2BUEsh
650 7 _aAnalysis of variance.
_2BUEsh
651 _2BUEsh
653 _bBUSECO
_cOctober2016
942 _2ddc
999 _c22968
_d22940